| 000 | 00733nam a22002297a 4500 | ||
|---|---|---|---|
| 005 | 20240905163245.0 | ||
| 010 | _aENG-141685 | ||
| 020 |
_c550.00 _a9789353435882 |
||
| 020 |
_c599.00 _a9789356062443 |
||
| 035 | _aEN-125217 | ||
| 037 | _bDBAD | ||
| 082 |
_a530 _24 |
||
| 100 |
_aAbhay Kumar _971191 |
||
| 245 |
_aObjective Physics NEET 2020/ _cBy Abhay Kumar |
||
| 250 | _a4 | ||
| 260 |
_aUttar Pradesh _bPearson India Education Pvt Ltd _c2020 |
||
| 270 |
_bUttar Pradesh _a15th FLoor, Tower-B, World Trade Tower, Plot No.1, Block- C, Sector-16, Noida _e201301 |
||
| 300 |
_avpp. _c25cm(pb) _bIndex |
||
| 490 | _vVOL 2 | ||
| 500 | _aNational Eligibility Cum Entrance Test | ||
| 942 |
_2ddc _cEN _h530 _mABH _e4 |
||
| 999 |
_c205635 _d205635 |
||